Rabindranath Tagore's the home and the world: (Record no. 13780)

MARC details
000 -LEADER
fixed length control field 00848nam a22002177a 4500
005 - DATE AND TIME OF LATEST TRANSACTION
control field 20080618105719.0
008 - FIXED-LENGTH DATA ELEMENTS--GENERAL INFORMATION
fixed length control field 080618t xxu||||| |||| 00| f eng d
010 ## - LIBRARY OF CONGRESS CONTROL NUMBER
LC control number ENG-90369
020 ## - INTERNATIONAL STANDARD BOOK NUMBER
International Standard Book Number 8178242303
Terms of availability 250.00
035 ## - SYSTEM CONTROL NUMBER
System control number EN-73902
037 ## - SOURCE OF ACQUISITION
Source of stock number/acquisition DBAD / VAN
040 ## - CATALOGING SOURCE
Original cataloging agency DPL
Language of cataloging EN
082 ## - DEWEY DECIMAL CLASSIFICATION NUMBER
Classification number 863.308
245 ## - TITLE STATEMENT
Title Rabindranath Tagore's the home and the world:
Statement of responsibility, etc edited by P. K. Datta
Remainder of title a critical companion /
260 ## - PUBLICATION, DISTRIBUTION, ETC. (IMPRINT)
Place of publication, distribution, etc Ranikhet
Name of publisher, distributor, etc Perament Balck
Date of publication, distribution, etc 2008
260 ## - PUBLICATION, DISTRIBUTION, ETC. (IMPRINT)
Name of publisher, distributor, etc Orient Longman (Distributor)
270 ## - ADDRESS
Address 'Himalayana' Mall Raod, Ranikhet Cantt,
City Ranikhet
Postal code 263645
300 ## - PHYSICAL DESCRIPTION
Extent x, 204p.
Dimensions 24 cm (pbk)
942 ## - ADDED ENTRY ELEMENTS (KOHA)
Koha item type English Books
Classification part 863.308
Source of classification or shelving scheme Dewey Decimal Classification
Call number suffix RAB
Holdings
Withdrawn status Lost status Damaged status Not for loan Collection code Home library Current library Date acquired Source of acquisition Cost, normal purchase price Total Checkouts Full call number Barcode Date last seen Copy number Cost, replacement price Price effective from Koha item type
      Not For Loan Non-fiction D.B.Act.Division D.B.Act.Division 18/06/2008 DBAD / VAN 250.00   863.308 RAB EN-73902 15/09/2008 1 250.00 15/09/2008 English Books

© Delhi Public Library
Hit Counter
free hit counter